000 00613nam a22002417a 4500
003 UA-OsUOA
001 106466
007 ta
008 20140523b un ||||| |||| 00| 0 ukr d
100 _aСоболь В.
090 _a242:929
_bС54
942 _cBK
040 _aUA-OsUOA
_bukr
_cUA-OsUOA
_dUA-OsUOA
245 _aПам'ятна книга Дмитра Туптала
300 _a218 с.
955 _a1
041 _aukr
080 _a242:929
020 _a83-920750-0-5
260 _aВаршава
_bВУВ
_c2004
650 7 _a2 Релігія. Теологія.
_2UDC
999 _c392608
_d392608